Ako fungujú podvody nigérijského typu

Z obsahu dvojstrany: Podvody nigérijského typu. Najprv lákavá ponuka, potom zvyšovanie výdavkov a nakoniec výlet do neznáma.

Gespeichert in:
Bibliographische Detailangaben
Format: Buchkapitel
Sprache:Slowakisch
Schlagworte:
Tags: Tag hinzufügen
Keine Tags, Fügen Sie das erste Tag hinzu!

MARC

LEADER 00000naa a2200000 4500
001 r020192
005 20221213100709.6
041 0 |a slo 
044 |a SK 
245 1 0 |a Ako fungujú podvody nigérijského typu 
520 |a Z obsahu dvojstrany: Podvody nigérijského typu. Najprv lákavá ponuka, potom zvyšovanie výdavkov a nakoniec výlet do neznáma. 
610 2 0 |a podnikanie 
610 2 0 |a kriminalita hospodárska 
610 2 0 |a polícia 
610 2 0 |a Slovensko 
610 2 0 |a Nigéria